00939nam a22002537a 45000010005000000030006000050050017000110080041000280200015000690400029000840500016001130820011001291000027001402450074001672600053002413000045002945050007003395200203003465210027005495210018005766500027005946500028006217000036006499864FISKH20260310091646.0260310b cb ||||| |||| 00| 0 eng d a0945613245 aFISKHbengcFISKHdFISKH aM21 .S93 .F a813.54 aSwears, Linda eAuthor aFriends old and new /cLinda Swears ; illustrated by Nancy C. Willis  aGreensboro : bKindermusik International ,c1994 a32 pages :bcolor illustrations ;c26 cm aG  aA gentle story about making friends and sharing experiences through music and play. The book helps young children understand friendship, cooperation, and the joy of meeting both old and new friends.8 a300 bLexile estimate 8 aG bRaz-Plus  aHolidays vInstruments aMusic vMusic education aWillis, Nancy C. eIllustrator